000 00665nam a2200217Ia 4500
005 20241129104252.0
008 241129s9999||||xx |||||||||||||| ||und||
020 _a9781032658216
037 _aTextual
040 _aRTL
_beng
_cRTL
041 _aeng
_2eng
084 _aY72:7:7.2 R3
_qRTL
100 _aShah Mihir; Vijayshankar P.S
_9725518
245 0 _aTribal development report:Human development and governance
_cShah Mihir; Vijayshankar P.S
260 _aLondon
_bRoutledge
_c2023
300 _axvi,358p.
365 _aINR
_bRs.1595.00
650 _aSouth Asian Studies
_9725132
942 _cTB
_hY72:7:7.2 R3
999 _c1225147
_d1225147